Най-важното е колко добре минаваш през огъня (Запис номер 429410)
[ съкратено ]
| 000 -Лидер | |
|---|---|
| Контролно поле с фиксирана дължина | 01276nam a2200325 a 4500 |
| 003 - Код на организацията, давaща контролен номер | |
| Контролно поле | BLK |
| 005 - Дата и час на последна редакция | |
| Контролно поле | 20240523105841.0 |
| 008 - Елементи от данни с фиксирана дължина | |
| fixed length control field | 210820b bul|||||r ||||||| ||bul|| |
| 010 ## - Наследен системен номер | |
| LC control number | KNG00199326000 |
| 020 ## - Международен стандартен номер на книга ISBN | |
| Международен стандартен номер на книга ISBN | 9786191781270 |
| 040 ## - Източник на каталожния запис | |
| Идентификатор на билиотеката - собственик на записа | BLK |
| 041 ## - Код за език | |
| Код за езика на текст/звукозапис или на отделно заглавие | Български |
| Код за езика КДБФ | Български |
| 080 ## - УДК | |
| Текстов определител УДК | Американска литература (на САЩ) |
| УДК код - определител по УДК | 821.111(73) |
| УДК определител | -1 |
| УДК - код + определител | 821.111(73)-1 |
| 100 1# - Редна дума - Автор | |
| Автор | Буковски, Чарлс |
| Авторска отговорност | първи автор |
| R(LIN) | 371745 |
| 139 ## - Редно поле | |
| Редна дума | Буковски, Чарлс |
| Авторски знак | Бук - Б 85 |
| 245 10 - Сведения за заглавието | |
| Заглавие | Най-важното е колко добре минаваш през огъня |
| Подзаглавни данни | Избрани стихове |
| Редно поле (дума) | Чарлс Буковски ; състав. Ейбъл Дебрито ; прев. от англ. Богдан Русев. |
| 260 ## - Област на издателските данни | |
| Място на издаване, разпространение и проч. | София |
| Име на издателя, разпространителя и проч. | Фама |
| Година на издаване | 2021 |
| 300 ## - Физическа характеристика | |
| Страници | 220 с. |
| Размери/Мащаб | 21 см |
| 380 ## - Жанр | |
| Жанр | Худож. лит. |
| 490 ## - СЕРИИ (Колекции) | |
| 9 (RLIN) | 201252 |
| Име на серия | Класика |
| 500 ## - Общи забележки | |
| Забележка | Без сведение за ориг. загл. |
| 700 ## - Други автори (авторска отговорност) | |
| Лично име | Русев, Богдан Бориславов |
| Дати, свързани с автора | 1975- |
| 9 (RLIN) | 365584 |
| 700 ## - Други автори (авторска отговорност) | |
| Лично име | Дебрито, Ейбъл |
| Автороска отговорност (Описва отношението между автора и произведението) | състав. |
| 9 (RLIN) | 1478 |
| 852 ## - Местоположение | |
| Фондова буква | Заемна - подръчен фонд |
| Систематично-азбучна сигнатура | 821-1/Б 85 Ч |
| 852 ## - Местоположение | |
| Фондова буква | Хранилище |
| Систематично-азбучна сигнатура | Цб 312138 |
| 999 ## - СИСТЕМНИ КОНТРОЛНИ НОМЕРА | |
| Koha biblionumber | 429410 |
| Koha biblioitemnumber | 429410 |
| 942 ## - АРТИКУЛИ | |
| Вид на библиотечния материал | Книги |
| Скрит в OPAC | Не |
| Koha issues (borrowed), all copies | 35 |
| Периодичен библиозапис | Да |
| 944 ## - СЪЗДАВАНЕ И РЕДАКЦИЯ на ЗАПИСА | |
| Създаване/Редакция | Създаване |
| Дата на регистрацията/редакция | 2021-08-20 |
| Служител, извършил регистрацията/редакцията | 30564 |
| Статус, дата на статуса | Галина Якимова |
| 999 ## - СИСТЕМНИ КОНТРОЛНИ НОМЕРА | |
| Koha biblioitemnumber | 429410 |
| 999 ## - СИСТЕМНИ КОНТРОЛНИ НОМЕРА | |
| Koha biblioitemnumber | 429410 |
| Код за отписване | Код за изгубен артикул | Източник на класификационната схема | Код за повреда | Коз за рестрикции | Код за отдаване | Артикулен № | Име на библиотеката - собственик | Име на библиотеката, в която се намира в момента | Статус (Текущо местоположение) | Дата на вписване в системата | Местоположение - отдел | Цена в лева | Систематично азбучна сигнатура | Баркод | Цена в евро | Служебен тип на артикула |
|---|---|---|---|---|---|---|---|---|---|---|---|---|---|---|---|---|
| Не е изгубен | Universal Decimal Classification | Не е повреден | без рестрикции | заемане за дома | 849887 | Регионална библиотека "Любен Каравелов" Русе | Регионална библиотека "Любен Каравелов" Русе | Заемна - подръчен фонд | 2021-08-23 | Заемна - подръчен фонд | 14.40 | 821-1/Б 85 Ч | 120000859690 | 7.36 | Книги | |
| Не е изгубен | Universal Decimal Classification | Не е повреден | само за читалня | ползва се в читалня | 881248 | Регионална библиотека "Любен Каравелов" Русе | Регионална библиотека "Любен Каравелов" Русе | Хранилище | 2022-04-12 | Основен фонд - ползва се само за читалня | 18.00 | Цб 312138 | 120000870861 | 9.20 | Книги |